| 000 | 00539nam a2200145Ia 4500 | ||
|---|---|---|---|
| 008 | 231221s9999 xx 000 0 und d | ||
| 020 | _a978-1-4614-1138-3 | ||
| 041 | _aEnglish | ||
| 100 | _aManisha Kulshreshtha, Ramkumar Mathur | ||
| 245 | 0 | _aDialect Accent Features for Establishing Speaker Identity | |
| 260 |
_c2012 _bSpringer US _aNew York |
||
| 440 | _aSpringerBriefs in Electrical and Computer Engineering | ||
| 650 | _aSignal,Image and Speech Processing; Language Translation and Linguistics; Pattern Recognition | ||
| 942 | _cEB | ||
| 999 |
_c226889 _d226889 |
||